| 000 | 00487nam a2200169 a 4500 | ||
|---|---|---|---|
| 005 | 20140412111412.0 | ||
| 008 | 070216s19uu xx 00 eng d | ||
| 020 | _a1-84135-192-x | ||
| 050 |
_aTR(PS E _bGr75 2003 |
||
| 100 | _aAndrews, Jackie | ||
| 245 |
_aThe great big enormous turnip / _cJackie Andrews. |
||
| 260 |
_aLondon : _bAward publications limited, _c2003. |
||
| 440 | _aAward young readers | ||
| 650 | _aTurnip - fiction | ||
| 650 | _aChildren stories | ||
| 999 |
_c105703 _d105703 |
||